Statistics for You're Beautiful - James Blunt (All Lyrics)

Click here to take the quiz!

General Stats

  • This quiz has been taken 1,263 times
  • The average score is 153 of 186

Answer Stats

Lyrics% Correct
I
100%
a
99%
be
99%
you.
99%
your
99%
beautiful,
98%
beautiful.
98%
You're
97%
an
95%
it's
93%
true.
93%
with
93%
face
92%
face,
92%
in
92%
saw
92%
And
91%
to
91%
do.
89%
do,
89%
the
89%
know
88%
don't
87%
on
86%
what
86%
angel
85%
never
85%
place.
85%
that
85%
that,
85%
I'll
84%
my
84%
My
84%
is
83%
crowded
82%
She
82%
she
82%
me
81%
was
81%
'Cause
80%
'cause
80%
I'm
79%
love
79%
man.
78%
smile
78%
But
77%
but
77%
another
76%
of
76%
her
74%
sure
74%
will
74%
life
73%
pure.
72%
see
72%
at
71%
subway.
70%
smiled
67%
brilliant.
65%
got
65%
I've
65%
could
64%
we
64%
plan.
61%
won't
61%
again,
60%
high.
60%
truth.
60%
no
59%
think
59%
time
59%
As
54%
by.
54%
from
54%
end.
53%
last
52%
sleep
52%
must
51%
There
51%
when
51%
moment
50%
walked
50%
eye.
49%
lose
48%
should
48%
till
48%
shared
46%
flyin'
43%
thought
42%
caught
41%
up
37%
Yes,
35%

Score Distribution

Percentile by Number Answered

Percent of People with Each Score

Your Score History

You have not taken this quiz